000 00415nam a2200157Ia 4500
005 20250617022602.0
008 240331s9999 xx 000 0 und d
020 _a955958703X
082 _bKAV
_a305
100 _aKavikumara, P
245 0 _aSri Lankawe sreshta veerawareyo
260 _aKirindiwela
_bSinha Publishers
_c1998
300 _a131 p .,
500 _aA book of Sri Lanka's Great Heroines
942 _cL
999 _c1837
_d1837